| 000 | 00451nam a2200133Ia 4500 | ||
|---|---|---|---|
| 999 |
_c3306 _d3306 |
||
| 008 | 200103s 2000 ||||xx |||||||||||||| ||und|| | ||
| 020 | _a9280150928 | ||
| 082 |
_a341.7566 _bIMO |
||
| 110 | _aInternational Maritime Organization | ||
| 245 | 0 | _aResolutions of the 21st Assembly and other decisions : (Resolutions 874-901) : 15-26 November 1999 | |
| 260 |
_bInternational Maritime Organization _c2000 _aLondon |
||
| 300 | _avi,194p. | ||
| 942 | _cBK | ||